000 00615nam a2200241Ia 4500
003 OSt
005 20220912150636.0
006 a|||||r|||| 00| 0
007 ta
008 220909b |||||||| |||| 00| 0 eng d
024 _a38105
037 _cTextual
040 _aCSL
_beng
_cCSL
041 _aeng
082 _aD65,8(B)92, M3
100 _aCohen A
245 0 _aStructure, Logic and program design
260 _aChichester
_bJohn Wiley
_c1983
300 _axiii,287p.
_ccm.
650 _aProgram design
942 _hD65,8(B)92, M3
_cTEXL
_2CC
999 _c51717
_d51717